| 000 | 00606 a2200193 4500 | ||
|---|---|---|---|
| 005 | 20241128143013.0 | ||
| 010 | _aB-761278 | ||
| 020 |
_a9789364686426 _c540.00 |
||
| 035 | _aB-761278 | ||
| 037 | _bGift/28.11.24 | ||
| 082 | _a005.3 | ||
| 100 |
_aMehrotra, Dheeraj _974242 |
||
| 245 |
_aS. Chand's ICSE Computer Applications; _bAsper 2026 Syllabus for Class X Book 2/ _cMehrotra, Dheeraj |
||
| 260 |
_aU.P. _bS. Chand's _c2025 |
||
| 270 | _aU. P. | ||
| 300 |
_a405 p. _c25cm (Pb) |
||
| 942 |
_adpl _cCH _2ddc _h005.3 _mMEH |
||
| 999 |
_c207142 _d207142 |
||